00342nam a2200121Ia 4500008004100000020001800041100002200059245004800081250001100129260003400140300002100174650002500195191023s9999 xx 000 0 und d a9781285841090 aVebell, Victoria. cVictoria Vebell.--aThe Basics of drawing / a2nd ed aUSA :bCengage Learningc2015 axvii, 270 pages. aDrawing -- Technique